Slovak Republic approach to NATO crisis response system (NCRS) - links and connections

Saved in:
Bibliographic Details
Main Author: Čech, Ľubomír, 1955-
Format: Book Chapter
Language:English
Tags: Add Tag
No Tags, Be the first to tag this record!

MARC

LEADER 00000nla$a2200000$$$4500
001 0136191
005 20240502083328.5
041 0 |a eng 
044 |a UA 
245 1 0 |a Slovak Republic approach to NATO crisis response system (NCRS) - links and connections  |c Ľubomír Čech 
100 1 |a Čech, Ľubomír, 1955-